| 000 | 00821cam a22002412 4500 | ||
|---|---|---|---|
| 001 | 0000000755 | ||
| 005 | 20151217145722.0 | ||
| 008 | 070216s xx 000 0 eng d | ||
| 020 | _cKES 3,900 | ||
| 040 |
_aKABU _cKABU |
||
| 050 | 0 |
_aBS1140.2 _b.L25 1996 |
|
| 100 | 1 |
_aLasor, William Sanford. _@0000159959 |
|
| 245 | 1 | 0 |
_aOld Testament survey : _bthe message, form and background of the Old Testament / _cWilliam Sanford Lasor, David Allan Hubbard, Frederic Wm. Bush. |
| 250 | _a2nd ed. | ||
| 260 |
_aGrand Rapids, MI. : _bEerdmans, _c1996. |
||
| 300 | _a860 p. | ||
| 630 | 0 | 0 |
_aBible. _pO.T. _xIntroductions. _@0000149088 |
| 700 | 1 |
_aHubbard, David Allan. _@0000149214 |
|
| 700 | 1 |
_aBush, Frederic Wm. _@0000159960 |
|
| 908 | _a070216 | ||
| 950 | _@1 | ||
| 999 |
_c1852 _d1852 |
||